000 00968nam a22003017a 4500
001 BR9800580
003 BR-BrBNA
005 20230928095806.0
007 ta
008 230509b bl.||||| |||| 00| 0 por d
040 _aBR-BrBNA
_bpor
_cBiblioteca Nacional de Agricultura
041 _a(Por)
072 _aE16
_b1400
_b1500
_b1600
_b1700
090 _ 1400 BR9800580
110 1 _aSecretaria de Estado da Agricultura, Pecuaria e Abastecimento, Belo Horizonte, MG (Brasil)
_98844
245 1 _aCenario futuro do negocio agricola de Minas Gerais: cenario futuro para a cadeia produtiva de olericolas em Minas Gerais
_bv. 12
260 3 _aBelo Horizonte, MG (Brasil):
_c1995.
300 _a103 p.
500 _a25 illus.; 18 tables; 8 ref.
650 _aOlericultura
650 _aEconomia da Producao
650 _aTomate
650 _aBatata
650 _aProdutividade
650 _aMinas Gerais
909 _a202309
_bLucia
_c55
_dLucia Elande
942 _cBK
999 _c58681
_d58681